000 02371cam a2200637 i 4500
001 35363
003 KOSZ 005
005 20250603101316.0
008 250530s1983 pl g 000 0 pol
015 _aUWD 1984/757
015 _a1452
020 _a8321104118
035 _a991009527769705066
035 _a(PL-WaBN)b1257806x-48omnis_nlop
035 _ab1257806x
035 _a(OCoLC)69559540
035 _a(PL)b0000001257806
035 _a(EXLNZ-48OMNIS_NETWORK)9910181693005606
040 _aWA N
_cWA N
_dKOSZ 005/RW
045 _bd1800
_bd1945
046 _k1983
080 _a929-052(438)"18/19"
080 _a(038)
100 1 _aOracki, Tadeusz
_d(1930- )
_eAutor
245 1 0 _aSłownik biograficzny Warmii, Mazur i Powiśla XIX i XX wieku (do 1945 roku) /
_cTadeusz Oracki.
250 _aWydanie I.
260 _aWarszawa :
_b"Pax",
_c1983.
300 _a349, [2] strony ;
_c25 cm.
336 _aTekst
_btxt
_2rdacontent
337 _aBez urządzenia pośredniczącego
_bn
_2rdamedia
338 _aWolumin
_bnc
_2rdacarrier
380 _aKsiążki
380 _aPublikacje informacyjne
388 1 _a1901-2000
388 1 _a1945-1989
504 _aBibliografia na stronach [18]-38.
520 _aSłownik o podobnym do poprzedniego układzie, zakresie terytorialnym i przeznaczeniu. Obejmuje tylko inny zakres chronologiczny. Uwzględnia także nazwiska osób obecnie żyjących, które prowadziły działalność w okresie przedwojennym i po II wojnie światowej w Polsce Ludowej. Publikacja nie jest drugim wydaniem poprzedniego słownika.
546 _aStreszczenie w języku rosyjskim, angielskim, niemieckim.
648 7 _a1801-1900
_2DBN
648 7 _a1901-2000
_2DBN
648 7 _a1901-1914
_2DBN
648 7 _a1914-1918
_2DBN
648 7 _a1918-1939
_2DBN
648 7 _a1939-1945
_2DBN
651 7 _aMazury
_2DBN
651 7 _aPomorze
_2DBN
651 7 _aPowiśle (region)
_2DBN
651 7 _aWarmia
_2DBN
655 7 _aBiografia
_2DBN
655 7 _aSłownik biograficzny
_2DBN
658 _aHistoria
710 2 _aInstytut Wydawniczy "Pax"
_4pbl
856 _uhttps://koha.tu.koszalin.pl/cgi-bin/koha/opac-detail.pl?biblionumber=35363
_yKatalog online BPK
942 _2UKD
_cKS
999 _c35363
_d35363